[Event "Emerald City Open"]
[Site "Chess.com"]
[Date "2020.06.21"]
[Round "?"]
[White "Bagchi, Sounak"]
[Black "Tien, Sophie"]
[Result "1/2-1/2"]
[WhiteElo "1995"]
[BlackElo "1916"]
[PlyCount "68"]
[EventDate "2020.??.??"]

1. e4 e5 2. Nf3 Nc6 3. d4 exd4 4. Nxd4 Bc5 5. Nb3 Bb6 6. Nc3 d6 7. Qe2 h6 8.
Be3 Nf6 9. O-O-O Qe7 10. f3 Bd7 11. Kb1 O-O-O 12. Bxb6 axb6 13. Qd2 Kb8 14. Be2
Ne5 15. g4 Bc6 16. h4 d5 17. Nxd5 Nxd5 18. exd5 Bxd5 19. Qe3 Rhe8 20. Rh2 Qf6
21. g5 hxg5 22. hxg5 Qg6 23. Qf2 Rd6 24. f4 Nc6 25. Bd3 Be4 26. Re1 Rde6 27.
Bxe4 Rxe4 28. Rhh1 f6 29. Rxe4 Qxe4 30. Rg1 Nb4 31. a3 Nd5 32. Rf1 Rf8 33. Nd2
Qf5 34. Qg3 Re8 1/2-1/2

[Event "Emerald City Open"]
[Site "Chess.com"]
[Date "2020.06.20"]
[Round "?"]
[White "Raptis, Nick"]
[Black "Chang, Eddie"]
[Result "1-0"]
[WhiteElo "2393"]
[BlackElo "1887"]
[PlyCount "51"]
[EventDate "2020.??.??"]

1. d4 Nf6 2. Nc3 d5 3. Bg5 Bf5 4. f3 Nbd7 5. Nxd5 Nxd5 6. e4 Bxe4 7. fxe4 h6 8.
Bd2 N5b6 9. Nf3 e5 10. dxe5 Bc5 11. Bc3 Qe7 12. a4 a5 13. Bd3 Nf8 14. Qd2 O-O-O
15. b3 Bb4 16. Bxb4 Qxb4 17. Qxb4 axb4 18. a5 Nbd7 19. a6 bxa6 20. Bxa6+ Kb8
21. O-O Ng6 22. Ra5 Rhe8 23. Bb5 Kb7 24. Rfa1 Ngxe5 25. Nd4 Kb6 26. Bxd7 1-0

[Event "Emerald City Open"]
[Site "Chess.com"]
[Date "2020.06.20"]
[Round "?"]
[White "Chang, Eddie"]
[Black "Bagchi, Sounak"]
[Result "0-1"]
[WhiteElo "1887"]
[BlackElo "1995"]
[PlyCount "102"]
[EventDate "2020.??.??"]

1. d4 Nf6 2. c4 c5 3. d5 e6 4. Nc3 exd5 5. cxd5 d6 6. e4 g6 7. Bd3 Bg7 8. Nge2
O-O 9. O-O Re8 10. Ng3 Na6 11. h3 Nc7 12. a4 b6 13. Rb1 Nd7 14. Qc2 Na6 15.
Bxa6 Bxa6 16. Re1 Ne5 17. b4 Nd3 18. Rd1 Nxb4 19. Qb3 Bd3 20. Rb2 a5 21. Nb5
Bxb5 22. axb5 a4 23. Qa3 Bxb2 24. Bxb2 Nc2 25. Qc3 Nd4 26. Kh1 a3 27. Ba1 f6
28. f3 Rf8 29. Nf1 Nxb5 30. Qb3 Nd4 31. Bxd4 cxd4 32. Ra1 Qc7 33. Rxa3 Rxa3 34.
Qxa3 Rb8 35. Qa4 b5 36. Qxd4 Kf7 37. Nd2 b4 38. Nb3 Rb7 39. Qd3 Ra7 40. Qd4 Rb7
41. Qd3 Qb6 42. Qc2 Rc7 43. Qa2 Rc3 44. Qa4 Rc7 45. Qa8 Kg7 46. h4 Qf2 47. Qd8
Qxh4+ 48. Kg1 Qe1+ 49. Kh2 Qh4+ 50. Kg1 Rc2 51. Qc7+ Rxc7 0-1

[Event "Emerald City Open"]
[Site "Chess.com"]
[Date "2020.06.20"]
[Round "?"]
[White "Ingram, Richard"]
[Black "Mahajan, Rushaan"]
[Result "0-1"]
[WhiteElo "1880"]
[BlackElo "2208"]
[PlyCount "48"]
[EventDate "2020.??.??"]

1. e4 c6 2. d4 d5 3. Nc3 dxe4 4. Nxe4 Nf6 5. Nxf6+ exf6 6. Nf3 Bd6 7. Be2 O-O
8. O-O Nd7 9. Be3 Re8 10. Re1 Nf8 11. Qd2 Ng6 12. c4 Bg4 13. h3 Be6 14. Rad1
Qd7 15. a3 Bxh3 16. Bf1 Bg4 17. Be2 Qf5 18. Nh2 Bxe2 19. Qxe2 Nh4 20. Qd3 Bxh2+
21. Kxh2 Qh5 22. Qe2 Nf3+ 23. Kg3 Qh4+ 24. Kxf3 f5 0-1

[Event "Emerald City Open"]
[Site "Chess.com"]
[Date "2020.06.21"]
[Round "?"]
[White "Ingram, Richard"]
[Black "Guha, Eshan"]
[Result "0-1"]
[WhiteElo "1880"]
[BlackElo "2129"]
[PlyCount "38"]
[EventDate "2020.??.??"]

1. e4 c5 2. Nf3 d6 3. d4 cxd4 4. Nxd4 Nf6 5. Nc3 a6 6. h3 g6 7. Be3 Bg7 8. Qd2
b5 9. a3 Bb7 10. f3 Nbd7 11. Bh6 O-O 12. Bxg7 Kxg7 13. O-O-O Qb6 14. g4 Nc5 15.
h4 h5 16. gxh5 e5 17. h6+ Kh7 18. Nde2 Rad8 19. Qe3 Nb3+ 0-1

[Event "Emerald City Open"]
[Site "Chess.com"]
[Date "2020.06.20"]
[Round "?"]
[White "Jin, Derek"]
[Black "Kozower, Ethan"]
[Result "1-0"]
[WhiteElo "2152"]
[BlackElo "1863"]
[PlyCount "71"]
[EventDate "2020.??.??"]

1. e4 c5 2. Nf3 e6 3. d4 cxd4 4. Nxd4 a6 5. Bd3 Nf6 6. O-O Qc7 7. c4 d6 8. Nc3
Nbd7 9. Be2 Be7 10. Be3 O-O 11. Rc1 b6 12. Qc2 Bb7 13. Qb1 Ne5 14. h3 Rac8 15.
f4 Ned7 16. g4 Nc5 17. Bf3 Qb8 18. g5 Ne8 19. h4 Nc7 20. h5 Qa8 21. b4 Nd7 22.
Rc2 d5 23. cxd5 exd5 24. e5 Ne6 25. Nxe6 fxe6 26. Bg4 Rc6 27. Ne2 Rfc8 28. Rxc6
Rxc6 29. Nd4 Rc3 30. Bxe6+ Kh8 31. Bd2 Rc7 32. g6 Qe8 33. Bf7 Qb8 34. Ne6 Rc4
35. h6 gxh6 36. g7# 1-0

[Event "Emerald City Open"]
[Site "Chess.com"]
[Date "2020.06.21"]
[Round "?"]
[White "Goktepe, Derin"]
[Black "Kozower, Ethan"]
[Result "0-1"]
[WhiteElo "1930"]
[BlackElo "1863"]
[PlyCount "66"]
[EventDate "2020.??.??"]

1. d4 Nf6 2. c4 e6 3. Nc3 Bb4 4. e3 O-O 5. Bd3 d5 6. Nf3 b6 7. O-O Bb7 8. Ne5
Nbd7 9. f4 c5 10. cxd5 exd5 11. Rf3 cxd4 12. exd4 Ne4 13. Rh3 Ndf6 14. a3 Be7
15. g4 Qc8 16. Qf3 Nxc3 17. bxc3 Ne4 18. Be2 f6 19. Nd3 Nxc3 20. Bf1 Ne4 21.
Be2 Re8 22. g5 fxg5 23. Ne5 Rf8 24. Qh5 Nf6 25. Qf3 g4 26. Nxg4 Nxg4 27. Qxg4
Qxg4+ 28. Bxg4 Bf6 29. Be3 Rae8 30. Kf2 Re4 31. Bf5 Rxf4+ 32. Bxf4 Bxd4+ 33.
Ke2 Rxf5 0-1

[Event "Emerald City Open"]
[Site "Chess.com"]
[Date "2020.06.20"]
[Round "?"]
[White "Gottumukkala, Anath"]
[Black "Wang, Ze"]
[Result "0-1"]
[WhiteElo "1785"]
[BlackElo "2135"]
[PlyCount "112"]
[EventDate "2020.??.??"]

1. e4 e5 2. Nf3 Nf6 3. Nxe5 d6 4. Nf3 Nxe4 5. d4 d5 6. Bd3 Nc6 7. O-O Be7 8.
Nbd2 Nxd2 9. Bxd2 Bg4 10. c3 Qd7 11. Re1 O-O 12. b4 a6 13. a4 Bd6 14. h3 Bf5
15. Qb1 Bxd3 16. Qxd3 Rfe8 17. Ng5 g6 18. f4 f6 19. Nf3 Rxe1+ 20. Rxe1 Re8 21.
Rb1 Nd8 22. c4 dxc4 23. Qxc4+ Qe6 24. Qxe6+ Nxe6 25. g3 Kf7 26. Kf2 c6 27. b5
axb5 28. axb5 c5 29. Be3 Ra8 30. Rb2 Ra3 31. b6 cxd4 32. Nxd4 Rxe3 33. Kxe3 Bc5
34. Ke4 Bxd4 35. Rd2 f5+ 36. Kd5 Bf6 37. Kd6 Be7+ 38. Kd7 Nc5+ 39. Kc7 Kf6 40.
g4 h6 41. Re2 Ne6+ 42. Kxb7 Nxf4 43. Rd2 Bc5 44. gxf5 Kxf5 45. Kc6 Bxb6 46.
Kxb6 Nxh3 47. Kc5 g5 48. Kd4 Kf4 49. Re2 g4 50. Re6 h5 51. Rf6+ Kg3 52. Ke4
Ng5+ 53. Kf5 Nf3 54. Ke4 h4 55. Rg6 h3 56. Kf5 Nh4+ 0-1

[Event "Emerald City Open"]
[Site "Chess.com"]
[Date "2020.06.20"]
[Round "?"]
[White "Lu, Ryan"]
[Black "Gottumukkala, Anath"]
[Result "1-0"]
[WhiteElo "1948"]
[BlackElo "1785"]
[PlyCount "113"]
[EventDate "2020.??.??"]

1. e4 d6 2. d4 Nf6 3. Nc3 g6 4. Bc4 Bg7 5. Qe2 Nc6 6. d5 Nd4 7. Qd3 c5 8. f4
O-O 9. Nf3 b5 10. Nxb5 Nxb5 11. Bxb5 Nxe4 12. Bc6 Qa5+ 13. c3 Bf5 14. Bxa8 Nf2
15. Qe3 Nd3+ 16. Kf1 Rxa8 17. Qxe7 Qb5 18. Kg1 Bf8 19. Qe2 Re8 20. Qd1 Bg4 21.
Bd2 c4 22. h3 Qb6+ 23. Kh2 Nf2 24. Qa4 Re2 25. hxg4 Nxg4+ 26. Kh3 Nf2+ 27. Kh2
Nxh1 28. Qd1 Ng3 29. Qg1 Ne4 30. Re1 Qxg1+ 31. Kxg1 Rxe1+ 32. Bxe1 Nf6 33. Bf2
a6 34. Nd2 Nxd5 35. g3 f5 36. Nxc4 Kf7 37. Kf1 Nf6 38. Ke2 Ke6 39. Ke3 Kd5 40.
Nd2 Bh6 41. a4 g5 42. Kf3 g4+ 43. Ke3 Bg7 44. b4 Kc6 45. c4 d5 46. b5+ axb5 47.
cxb5+ Kb6 48. Nb3 Ne4 49. Bg1 Nxg3 50. Kd3+ d4 51. Kc4 Ne2 52. a5+ Kc7 53. Nc5
Nxg1 54. b6+ Kb8 55. a6 g3 56. Nd7+ Kc8 57. b7+ 1-0

[Event "Emerald City Open"]
[Site "Chess.com"]
[Date "2020.06.21"]
[Round "?"]
[White "Gottumukkala, Anath"]
[Black "Bell, Harry"]
[Result "1-0"]
[WhiteElo "1785"]
[BlackElo "2000"]
[PlyCount "63"]
[EventDate "2020.??.??"]

1. e4 e5 2. Nf3 Nf6 3. Nxe5 d6 4. Nf3 Nxe4 5. d4 d5 6. Bd3 Be7 7. O-O Nc6 8.
Nbd2 Nf6 9. c3 O-O 10. h3 Re8 11. Re1 Bd6 12. Rxe8+ Qxe8 13. b4 Ne7 14. Nb3 Bf5
15. Nc5 b6 16. Nb7 Qc6 17. Nxd6 cxd6 18. Bxf5 Nxf5 19. Qd3 Ne4 20. Bb2 Qc4 21.
Qxc4 dxc4 22. g4 Nh6 23. Re1 d5 24. Ne5 f6 25. Nc6 Kf7 26. f3 Ng5 27. Re7+ Kf8
28. Rxa7 Re8 29. b5 Nxh3+ 30. Kf1 Re3 31. Ba3+ Kg8 32. Ne7+ 1-0

[Event "Emerald City Open"]
[Site "Chess.com"]
[Date "2020.06.21"]
[Round "?"]
[White "Vega, Isaac"]
[Black "Gottumukkala, Anath"]
[Result "0-1"]
[WhiteElo "1972"]
[BlackElo "1785"]
[PlyCount "56"]
[EventDate "2020.??.??"]

1. e4 d6 2. d4 Nf6 3. Nc3 g6 4. h3 c6 5. Be3 Nbd7 6. g4 b5 7. a3 Nb6 8. b3 Bb7
9. Bg2 a5 10. Nge2 b4 11. axb4 axb4 12. Na2 Bg7 13. Ng3 O-O 14. Nxb4 Rxa1 15.
Qxa1 c5 16. Nd3 cxd4 17. Bxd4 e5 18. Be3 d5 19. exd5 Nfxd5 20. Bc1 e4 21. Ne5
Qc7 22. Bb2 Ra8 23. Qd1 Bxe5 24. Bxe5 Qxe5 25. O-O Nc3 26. Qd2 Nbd5 27. Re1 e3
28. Qd3 Ba6 0-1

[Event "Emerald City Open"]
[Site "Chess.com"]
[Date "2020.06.20"]
[Round "?"]
[White "Guha, Eshan"]
[Black "Bloom, Corey"]
[Result "1-0"]
[WhiteElo "2129"]
[BlackElo "1780"]
[PlyCount "103"]
[EventDate "2020.??.??"]

1. d4 Nf6 2. c4 e6 3. g3 d5 4. Bg2 c5 5. cxd5 exd5 6. Nf3 Nc6 7. Nc3 Be6 8. O-O
Rc8 9. Bf4 a6 10. e3 Nh5 11. Ne5 Nxf4 12. Nxc6 bxc6 13. exf4 g6 14. Re1 Qf6 15.
dxc5 Bxc5 16. Rc1 O-O 17. Qe2 Bb4 18. a3 Bxc3 19. Rxc3 c5 20. Qxa6 d4 21. Rcc1
c4 22. Bd5 d3 23. Bxe6 Ra8 24. Qd6 Rfd8 25. Qe5 Qxe5 26. Bxf7+ Kxf7 27. Rxe5
Rab8 28. Rc5 Rxb2 29. R5xc4 Re8 30. Kg2 Ree2 31. Rf1 Rec2 32. Rxc2 dxc2 33. Rc1
Ke6 34. Kf3 Kd5 35. Ke3 Kc4 36. Kd2 Kb3 37. a4 Ra2 38. a5 Rxa5 39. Rxc2 Rd5+
40. Kc1 Ra5 41. Kd1 Rd5+ 42. Rd2 Ra5 43. Ke2 Kc3 44. Rd3+ Kc4 45. Rd7 h5 46.
Rd6 Ra2+ 47. Kf3 Ra3+ 48. Kg2 Rd3 49. Rxd3 Kxd3 50. Kf3 Kd4 51. f5 gxf5 52. Kf4
1-0

[Event "Emerald City Open"]
[Site "Chess.com"]
[Date "2020.06.20"]
[Round "?"]
[White "Bloom, Corey"]
[Black "Moore, Michael"]
[Result "0-1"]
[WhiteElo "1780"]
[BlackElo "1950"]
[PlyCount "52"]
[EventDate "2020.??.??"]

1. f4 d5 2. Nf3 Bg4 3. e3 Nd7 4. h3 Bxf3 5. Qxf3 e5 6. Qxd5 Ngf6 7. Qxb7 Rb8 8.
Qf3 exf4 9. exf4 Bc5 10. Nc3 O-O 11. Bd3 Re8+ 12. Kd1 Qe7 13. b3 Rb6 14. Bb2
Re6 15. Kc1 Re1+ 16. Rxe1 Qxe1+ 17. Nd1 Ne4 18. Bxe4 Rxe4 19. c4 Re2 20. Qd3
Bb4 21. Bc3 Nc5 22. Qd4 Ne6 23. Qd7 Bxc3 24. dxc3 Nxf4 25. Qd8+ Re8 26. Qd4
Ne2+ 0-1

[Event "Emerald City Open"]
[Site "Chess.com"]
[Date "2020.06.20"]
[Round "?"]
[White "Gottumukkala, Anath"]
[Black "Bloom, Corey"]
[Result "1-0"]
[WhiteElo "1785"]
[BlackElo "1780"]
[PlyCount "83"]
[EventDate "2020.??.??"]

1. e4 c5 2. d4 cxd4 3. c3 d5 4. exd5 Nf6 5. Qa4+ Nbd7 6. Qxd4 g6 7. Nf3 Bg7 8.
c4 Nb6 9. Bd3 O-O 10. Qe3 e6 11. d6 Ng4 12. Qc5 Na4 13. Qb4 Bd7 14. Nc3 a5 15.
Qa3 Nxc3 16. bxc3 Bc6 17. Be2 e5 18. h3 Nh6 19. Bg5 Qd7 20. Rd1 f6 21. Be3 f5
22. Bb6 f4 23. c5 Bb5 24. Qb3+ Kh8 25. Bxb5 Qf5 26. O-O g5 27. d7 Bf6 28. Qb1
e4 29. Nd2 e3 30. Qxf5 Nxf5 31. Ne4 Be7 32. Rd5 f3 33. gxf3 Nh4 34. fxe3 Nxf3+
35. Kh1 Kg7 36. Be2 Nh4 37. Nxg5 Rxf1+ 38. Bxf1 Kf6 39. d8=Q Bxd8 40. Bxd8+
Rxd8 41. Rxd8 Kxg5 42. Rd7 1-0

[Event "Emerald City Open"]
[Site "Chess.com"]
[Date "2020.06.20"]
[Round "?"]
[White "Tien, Sophie"]
[Black "Bian, Erin"]
[Result "1-0"]
[WhiteElo "1916"]
[BlackElo "1765"]
[PlyCount "69"]
[EventDate "2020.??.??"]

1. e4 e5 2. Nf3 Nc6 3. Bc4 Bc5 4. c3 Nf6 5. d3 O-O 6. Bb3 d6 7. h3 h6 8. Nbd2
d5 9. Qe2 Re8 10. Nf1 Nh5 11. Bxd5 Nf4 12. Bxf4 exf4 13. N1d2 a5 14. d4 Ba7 15.
Bxc6 bxc6 16. O-O Rb8 17. Rab1 Re6 18. Rfe1 c5 19. d5 Ba6 20. c4 Re8 21. e5 Qd7
22. Qe4 g5 23. h4 f5 24. Qc2 g4 25. e6 Qh7 26. Ne5 Bc8 27. Qa4 Bxe6 28. dxe6
Rxe6 29. Nc6 Rd6 30. Nxb8 Rxd2 31. Qe8+ Kg7 32. Re7+ Kf6 33. Rxh7 Bxb8 34. Qe7+
Kg6 35. Qf7# 1-0

[Event "Emerald City Open"]
[Site "Chess.com"]
[Date "2020.06.20"]
[Round "?"]
[White "Bailey, Daniel"]
[Black "Vijayakumar, Advaith"]
[Result "0-1"]
[WhiteElo "1729"]
[BlackElo "2026"]
[PlyCount "86"]
[EventDate "2020.??.??"]

1. d4 Nf6 2. c4 e6 3. Nc3 Bb4 4. Qc2 Nc6 5. Nf3 O-O 6. a3 Bxc3+ 7. Qxc3 d6 8.
Bg5 h6 9. Bh4 g5 10. Bg3 Ne4 11. Qc2 f5 12. e3 Qf6 13. Bd3 Nxg3 14. hxg3 e5 15.
d5 Ne7 16. e4 Kg7 17. O-O-O fxe4 18. Bxe4 g4 19. Nh4 Qxf2 20. Qd3 Qf6 21. Rdf1
Qg5+ 22. Kb1 Bd7 23. Rxf8 Rxf8 24. Rf1 Rxf1+ 25. Qxf1 Qe3 26. Nf5+ Bxf5 27.
Bxf5 Qxg3 28. Be6 Qf4 29. Qxf4 exf4 30. Bxg4 Kf6 31. Kc2 Ke5 32. Kd3 Nf5 33. b4
Ne3 34. Bf3 Kf5 35. c5 Ke5 36. cxd6 cxd6 37. g3 Nxd5 38. Kc4 Nb6+ 39. Kd3 fxg3
40. Bxb7 Nd5 41. Ke2 Nf4+ 42. Kf3 g2 43. Kf2 d5 0-1

[Event "Emerald City Open"]
[Site "Chess.com"]
[Date "2020.06.20"]
[Round "?"]
[White "Chang, Eddie"]
[Black "Bailey, Daniel"]
[Result "1-0"]
[WhiteElo "1887"]
[BlackElo "1729"]
[PlyCount "51"]
[EventDate "2020.??.??"]

1. d4 d5 2. c4 e6 3. Nc3 Nf6 4. cxd5 exd5 5. Bg5 Be7 6. e3 Nbd7 7. Bd3 c6 8.
Qc2 O-O 9. Nf3 Re8 10. O-O h6 11. Bh4 Nf8 12. Rae1 Bg4 13. Ne5 Bh5 14. f4 N6d7
15. Bxe7 Rxe7 16. Qf2 f6 17. Nf3 Qc7 18. Qh4 Bf7 19. g4 Rae8 20. Kf2 Bg6 21.
Bxg6 Nxg6 22. Qh5 Nh8 23. Nh4 Nf8 24. Nf5 Rf7 25. Kg1 Rd7 26. Qxe8 1-0

[Event "Emerald City Open"]
[Site "Chess.com"]
[Date "2020.06.21"]
[Round "?"]
[White "Bailey, Daniel"]
[Black "Ingram, Richard"]
[Result "0-1"]
[WhiteElo "1729"]
[BlackElo "1880"]
[PlyCount "74"]
[EventDate "2020.??.??"]

1. d4 Nf6 2. c4 e6 3. Nc3 Bb4 4. Qc2 O-O 5. a3 Bxc3+ 6. Qxc3 d5 7. e3 b6 8. g3
Bb7 9. Bg2 Nbd7 10. Nf3 c5 11. O-O Ba6 12. b3 Rc8 13. Nd2 cxd4 14. Qxd4 dxc4
15. Nxc4 Bxc4 16. bxc4 Qc7 17. Bb2 Qxc4 18. Rac1 Qxd4 19. Bxd4 Nc5 20. Bxf6
gxf6 21. Rfd1 Rc7 22. Rd6 Rfc8 23. Bf1 Kf8 24. Be2 f5 25. h4 Ke7 26. Rdd1 Ne4
27. Rxc7+ Rxc7 28. Bf3 Rc3 29. Bxe4 fxe4 30. a4 Rc4 31. a5 b5 32. a6 Rc6 33.
Rb1 Rb6 34. Rb4 f5 35. f3 exf3 36. Kf2 Kd6 37. Kxf3 Kc5 0-1

[Event "Emerald City Open"]
[Site "Chess.com"]
[Date "2020.06.21"]
[Round "?"]
[White "Bell, Harry"]
[Black "Bailey, Daniel"]
[Result "1-0"]
[WhiteElo "2000"]
[BlackElo "1729"]
[PlyCount "85"]
[EventDate "2020.??.??"]

1. Nf3 c5 2. c4 Nf6 3. Nc3 Nc6 4. g3 g6 5. Bg2 Bg7 6. d4 cxd4 7. Nxd4 O-O 8.
O-O a6 9. h3 Nxd4 10. Qxd4 d6 11. Rd1 Qc7 12. Qd3 Be6 13. b3 Rac8 14. Bb2 Rfd8
15. Rac1 Qd7 16. Kh2 Rc7 17. Na4 b5 18. Nb6 Qe8 19. cxb5 Rxc1 20. Rxc1 Qxb5 21.
Qxb5 axb5 22. e4 Rb8 23. Nd5 Nxd5 24. Bxg7 Nb4 25. Bh6 Nxa2 26. Rc7 Bxb3 27.
Rxe7 Bc4 28. Bf4 Rb6 29. Bh6 f6 30. Rg7+ Kh8 31. Rc7 Rb8 32. Bg7+ Kg8 33. Bxf6
Rf8 34. Rg7+ Kh8 35. Rxg6+ Rxf6 36. Rxf6 b4 37. Rxd6 b3 38. Rb6 Nc3 39. Rb4 Bf7
40. Bf3 Na2 41. Rb8+ Kg7 42. Bd1 Nc1 43. f4 1-0

[Event "Emerald City Open"]
[Site "Chess.com"]
[Date "2020.06.20"]
[Round "?"]
[White "Bell, Harry"]
[Black "Wang, Felicity"]
[Result "1-0"]
[WhiteElo "2000"]
[BlackElo "1667"]
[PlyCount "137"]
[EventDate "2020.??.??"]

1. Nf3 d5 2. d4 e6 3. Bf4 c5 4. e3 Bd6 5. dxc5 Bxc5 6. Be2 Nc6 7. O-O Nf6 8. c4
O-O 9. Nc3 Re8 10. Bg5 d4 11. Ne4 Be7 12. Bxf6 Bxf6 13. Nxf6+ Qxf6 14. exd4 Rd8
15. Qc2 Nxd4 16. Nxd4 Rxd4 17. Rad1 b6 18. Rxd4 Qxd4 19. Rd1 Qf6 20. Bf3 Rb8
21. Qd3 Ba6 22. b3 g6 23. Qd7 Qe5 24. Qxa7 Bc8 25. g3 h5 26. h4 Kg7 27. Kg2 b5
28. c5 Bb7 29. c6 Ba8 30. Rd7 Rf8 31. Qd4 Qxd4 32. Rxd4 Rc8 33. Rb4 Bxc6 34.
Bxc6 Rxc6 35. Rxb5 Kf6 36. a4 Ke7 37. Rb7+ Kd6 38. Rxf7 Rb6 39. Rf3 Rb4 40. Kf1
Kd5 41. Ke2 e5 42. Kd2 e4 43. Rc3 Rd4+ 44. Kc2 Rb4 45. Kb2 Rb6 46. Ka3 Rf6 47.
Rc2 Kd4 48. b4 Rf3+ 49. Ka2 e3 50. fxe3+ Rxe3 51. b5 Kd3 52. Rb2 Re4 53. Ka3
Re7 54. b6 Kd4 55. b7 Re3+ 56. Rb3 Re8 57. b8=Q Rxb8 58. Rxb8 Ke4 59. a5 Kf3
60. Rb3+ Kg4 61. a6 g5 62. hxg5 Kxg5 63. a7 Kg4 64. a8=Q Kg5 65. Rb4 Kf5 66.
Qa5+ Kf6 67. Rb6+ Kg7 68. Qa7+ Kg8 69. Rb8# 1-0

[Event "Emerald City Open"]
[Site "Chess.com"]
[Date "2020.06.20"]
[Round "?"]
[White "Wang, Felicity"]
[Black "Tien, Sophie"]
[Result "1/2-1/2"]
[WhiteElo "1667"]
[BlackElo "1916"]
[PlyCount "114"]
[EventDate "2020.??.??"]

1. e4 e5 2. Nf3 Nc6 3. Bb5 a6 4. Ba4 d6 5. c4 Bd7 6. d4 Nxd4 7. Bxd7+ Qxd7 8.
Nxd4 exd4 9. Qxd4 Ne7 10. Nc3 Nc6 11. Qd3 Be7 12. O-O O-O 13. Qg3 Kh8 14. Nd5
Rae8 15. b3 Nd4 16. Qd3 Ne6 17. Bb2 Bd8 18. Qh3 f6 19. Nf4 Qf7 20. Ne2 Ng5 21.
Qc8 c6 22. Qf5 Nxe4 23. Rad1 Bb6 24. Nd4 Ng5 25. Ba3 Re5 26. Qd3 Ne4 27. Nf3
Re6 28. Nd4 Ree8 29. Nf5 Re6 30. Nxd6 Nxd6 31. Bxd6 Rd8 32. Qg3 Qd7 33. Bf8 Qf7
34. Rxd8 Bxd8 35. Bd6 Kg8 36. h3 Qd7 37. c5 b6 38. Qc3 b5 39. b4 Bc7 40. Bxc7
Qxc7 41. Rd1 Kf8 42. Qa3 Qb7 43. Qa5 Re8 44. Rd6 Qe7 45. Rd1 Qe2 46. Rf1 Qe4
47. a3 f5 48. Qxa6 f4 49. Qb7 f3 50. gxf3 Qxf3 51. Kh2 Qf4+ 52. Kh1 Re6 53.
Qc8+ Ke7 54. Qb7+ Kf6 55. Qc8 Ke7 56. Qb7+ Kf6 57. Qc8 Ke7 1/2-1/2

[Event "Emerald City Open"]
[Site "Chess.com"]
[Date "2020.06.20"]
[Round "?"]
[White "Ingram, Richard"]
[Black "Wang, Felicity"]
[Result "1/2-1/2"]
[WhiteElo "1880"]
[BlackElo "1667"]
[PlyCount "129"]
[EventDate "2020.??.??"]

1. e4 e5 2. Nf3 Nc6 3. Bb5 a6 4. Ba4 d6 5. c3 Bd7 6. O-O g6 7. Re1 Bg7 8. d3
Nge7 9. Nbd2 O-O 10. Nf1 Qe8 11. Ne3 f5 12. Bb3+ Kh8 13. Nd5 Nxd5 14. Bxd5 f4
15. b4 Bh6 16. h3 g5 17. Nh2 Qg6 18. Bb2 Bg7 19. a3 h5 20. f3 Rae8 21. a4 Re7
22. Kf2 Bf6 23. Rh1 Rh7 24. Qe2 Nd8 25. Rag1 Bxa4 26. Ke1 Bd7 27. Kd2 c6 28.
Bb3 Kg7 29. Bd1 Rg8 30. Kc1 Kf8 31. Kb1 Nf7 32. Bb3 g4 33. hxg4 hxg4 34. fxg4
Bxg4 35. Nxg4 Rxh1 36. Rxh1 Qxg4 37. Qxg4 Rxg4 38. Rh2 Nh8 39. Be6 Rg3 40. Kc2
Ng6 41. Bc8 Nh4 42. Bh3 d5 43. Bc1 Ke7 44. Bd2 Kd6 45. Be1 Re3 46. Bxh4 Bxh4
47. exd5 Bg3 48. Rh1 cxd5 49. Kd2 e4 50. dxe4 dxe4 51. Bf5 Rd3+ 52. Kc2 Re3 53.
Kd2 Bf2 54. Rf1 Bg3 55. Bc8 Kc7 56. Bg4 b6 57. Be2 Kb7 58. Rh1 a5 59. Rh7+ Kc6
60. Rh6+ Kc7 61. Rh7+ Kd6 62. Rh6+ Kc7 63. Rh7+ Kb8 64. Rh8+ Kc7 65. Rh7+
1/2-1/2

[Event "Emerald City Open"]
[Site "Chess.com"]
[Date "2020.06.21"]
[Round "?"]
[White "Wang, Felicity"]
[Black "Chang, Eddie"]
[Result "1/2-1/2"]
[WhiteElo "1667"]
[BlackElo "1887"]
[PlyCount "143"]
[EventDate "2020.??.??"]

1. e4 c5 2. Nf3 g6 3. d4 cxd4 4. Nxd4 Nc6 5. Be3 Bg7 6. Nc3 Nf6 7. Be2 d6 8.
O-O Nxd4 9. Bxd4 O-O 10. f4 Be6 11. f5 Bd7 12. Bc4 Bc6 13. Qd3 Nd7 14. Bxg7
Kxg7 15. Qd4+ Ne5 16. Bb3 Qb6 17. Qxb6 axb6 18. Bd5 Rfc8 19. Rf2 b5 20. Bxc6
bxc6 21. a4 bxa4 22. Nxa4 Rcb8 23. b3 Rb4 24. Re1 c5 25. Nc3 c4 26. Nd5 Rb7 27.
Nxe7 Ng4 28. Rf4 Rxe7 29. Rxg4 Ra2 30. bxc4 Rxc2 31. Rd1 Ra7 32. h3 h5 33. Rg3
Rxc4 34. fxg6 Rxe4 35. gxf7+ Kxf7 36. Rxd6 Ra1+ 37. Kf2 Ra2+ 38. Kg1 Re1+ 39.
Kh2 Raa1 40. Rf3+ Ke7 41. Rh6 Re5 42. Rb3 Kf7 43. Rb7+ Kg8 44. Rc6 Ra8 45. Rg6+
Kh8 46. Kg3 Rg8 47. Rxg8+ Kxg8 48. Kf4 Ra5 49. g4 hxg4 50. hxg4 Rc5 51. g5 Ra5
52. Kg4 Ra6 53. Kh5 Rc6 54. Re7 Ra6 55. Kg4 Rb6 56. Kf5 Ra6 57. Re8+ Kf7 58.
Re5 Kg7 59. Re7+ Kg8 60. Rd7 Rb6 61. Rd5 Ra6 62. Rd8+ Kg7 63. g6 Ra5+ 64. Ke6
Kxg6 65. Rg8+ Kh7 66. Rg1 Ra6+ 67. Kf7 Rh6 68. Rg7+ Kh8 69. Rg8+ Kh7 70. Rg7+
Kh8 71. Rg8+ Kh7 72. Rg7+ 1/2-1/2

[Event "Emerald City Open"]
[Site "Chess.com"]
[Date "2020.06.21"]
[Round "?"]
[White "Bloom, Corey"]
[Black "Wang, Felicity"]
[Result "1-0"]
[WhiteElo "1780"]
[BlackElo "1667"]
[PlyCount "107"]
[EventDate "2020.??.??"]

1. f4 d5 2. Nf3 c5 3. e3 Nc6 4. Bb5 Bd7 5. b3 Nf6 6. Bb2 e6 7. O-O a6 8. Bxc6
Bxc6 9. Ne5 d4 10. Nxc6 bxc6 11. Qf3 Rc8 12. Na3 g6 13. Nc4 Bg7 14. Ba3 Bf8 15.
Rad1 Be7 16. g4 Qd5 17. g5 Qxf3 18. Rxf3 Ne4 19. Bb2 Rd8 20. Ne5 dxe3 21. Rxe3
Rxd2 22. Rxd2 Nxd2 23. Nxc6 Rg8 24. Nxe7 Kxe7 25. Bf6+ Kd7 26. Rd3+ Kc6 27.
Rxd2 Rb8 28. c4 a5 29. Kf2 Ra8 30. a4 Rb8 31. Rd3 Rb7 32. Ke3 Rb8 33. Ke4 Rb7
34. Ke5 Rb8 35. Bd8 Ra8 36. Rd6+ Kb7 37. Kf6 Kb8 38. Kxf7 Ra7+ 39. Kxe6 Kc8 40.
h4 Ra8 41. h5 gxh5 42. f5 h4 43. f6 Ra7 44. Bxa5 h3 45. Rd8+ Kb7 46. Rd7+ Ka6
47. Rxa7+ Kxa7 48. Bc7 Kb7 49. Bh2 Kc8 50. f7 Kb7 51. f8=Q Ka6 52. Qc8+ Ka5 53.
Qb7 h6 54. Qb5# 1-0

[Event "Emerald City Open"]
[Site "Chess.com"]
[Date "2020.06.20"]
[Round "?"]
[White "Bian, Erin"]
[Black "Lu, Yiding"]
[Result "0-1"]
[WhiteElo "1765"]
[BlackElo "1666"]
[PlyCount "70"]
[EventDate "2020.??.??"]

1. e4 e6 2. d4 d5 3. Nc3 Bb4 4. e5 c5 5. a3 Bxc3+ 6. bxc3 Qc7 7. Nf3 Ne7 8. Be3
Nf5 9. Qd2 b6 10. Be2 Ba6 11. Bxa6 Nxa6 12. O-O Rc8 13. Qd3 Nb8 14. Qb5+ Nd7
15. h3 O-O 16. g4 Nxe3 17. fxe3 a6 18. Qxa6 cxd4 19. cxd4 Qxc2 20. Rac1 Qxc1
21. Rxc1 Rxc1+ 22. Kf2 Rfc8 23. Qb5 R8c7 24. h4 R1c2+ 25. Kg3 R2c3 26. Qb4 Rxe3
27. Kf4 Rcc3 28. Nd2 Nf8 29. h5 h6 30. g5 hxg5+ 31. Kxg5 Rg3+ 32. Kh4 Rh3+ 33.
Kg5 Rcg3+ 34. Kf4 g5+ 35. hxg6 Nxg6# 0-1

[Event "Emerald City Open"]
[Site "Chess.com"]
[Date "2020.06.20"]
[Round "?"]
[White "Lu, Yiding"]
[Black "Vijayakumar, Advaith"]
[Result "0-1"]
[WhiteElo "1666"]
[BlackElo "2026"]
[PlyCount "118"]
[EventDate "2020.??.??"]

1. e4 c5 2. Nf3 Nc6 3. c3 Nf6 4. e5 Nd5 5. d4 cxd4 6. cxd4 d6 7. Bc4 Nb6 8. Bb5
e6 9. O-O Be7 10. Nc3 O-O 11. exd6 Bxd6 12. Bg5 Be7 13. Bxe7 Nxe7 14. Qc2 Bd7
15. Bd3 h6 16. Ne5 Ned5 17. Qd2 Rc8 18. f4 Ne7 19. Qe2 Bc6 20. Qf2 Nbd5 21.
Nxd5 Qxd5 22. Bc4 Qd6 23. Rfe1 Rcd8 24. Rad1 Bd5 25. h3 Nf5 26. b3 Bxc4 27.
Nxc4 Qd7 28. Ne5 Qd5 29. Nf3 Ne7 30. g4 Nc6 31. Qe2 Rc8 32. g5 Kh8 33. Kh2 Nb4
34. Rd2 Qf5 35. Qe5 Qxe5 36. Rxe5 Rc3 37. Kg3 Nd5 38. Ree2 Ne3 39. Kf2 Nd5 40.
Kg3 g6 41. Rc2 Rfc8 42. Rxc3 Rxc3 43. h4 h5 44. Rb2 Ne3 45. Re2 Nf5+ 46. Kf2
Rxf3+ 47. Kxf3 Nxd4+ 48. Ke3 Nxe2 49. Kxe2 Kg7 50. Kd3 f6 51. gxf6+ Kxf6 52.
Ke4 b6 53. b4 b5 54. Kd4 Kf5 55. Kc5 Kxf4 56. Kxb5 e5 57. Ka6 e4 58. b5 e3 59.
b6 axb6 0-1